[Event "Cappelle Online Blitz op"]
[Site "Europe Echecs INT"]
[Date "2021.03.07"]
[Round "4"]
[White "Maillard, Xavier"]
[Black "Marsylle, Christian"]
[Result "0-1"]
[WhiteElo "1063"]
[BlackElo "1599"]
[PlyCount "80"]
[EventDate "2021.03.07"]
[EventType "swiss (blitz)"]
[EventRounds "11"]
[EventCountry "FRA"]
[SourceTitle "CBM 201 Extra"]
[Source "ChessBase"]
[SourceDate "2021.05.31"]
[SourceVersion "1"]
[SourceVersionDate "2021.05.31"]
[SourceQuality "1"]

1. c4 Nf6 2. Nc3 e5 3. g3 Bb4 4. Bg2 c6 5. e4 Bxc3 6. dxc3 0-0 7. Nf3 d6 8. 0-0 Nxe4 9. Qd3 Nf6 10. Bg5 Be6 11. b3 Nbd7 12. Rae1 Nb6 13. Qe2 h6 14. Bxf6 Qxf6 15. Nd2 Rad8 16. f4 Rfe8 17. fxe5 Qg5 18. Nf3 Qg6 19. exd6 Rxd6 20. Ne5 Qg5 21. Qe3 Qxe3+ 22. Rxe3 Nd7 23. Nxd7 Rxd7 24. Rfe1 Rd2 25. R3e2 Rd3 26. Re3 Rd2 27. R3e2 Rd6 28. Bf1 Red8 29. Re3 Rd2 30. R3e2 g6 31. Kf2 Kg7 32. a3 R2d3 33. Rc2 R3d6 34. b4 a6 35. c5 Rd5 36. c4 Rf5+ 37. Kg2 Rd4 38. Rc3 Rd2+ 39. Kh3 Rxf1+ 40. g4 Rxe1 0-1

[Event "Cappelle Online Rapid op"]
[Site "Europe Echecs INT"]
[Date "2021.03.06"]
[Round "1"]
[White "Marsylle, Christian"]
[Black "Bagheri, Amir"]
[Result "0-1"]
[WhiteElo "1599"]
[BlackElo "2348"]
[PlyCount "44"]
[EventDate "2021.03.06"]
[EventType "swiss (rapid)"]
[EventRounds "9"]
[EventCountry "FRA"]
[SourceTitle "CBM 201 Extra"]
[Source "ChessBase"]
[SourceDate "2021.05.31"]
[SourceVersion "1"]
[SourceVersionDate "2021.05.31"]
[SourceQuality "1"]

1. e4 c6 2. Nf3 d5 3. e5 Bg4 4. d4 e6 5. Be2 c5 6. c3 Nc6 7. h3 Bxf3 8. Bxf3 cxd4 9. cxd4 Qb6 10. b3 Qxd4 11. 0-0 Qxa1 12. Nd2 Bb4 13. a4 Nge7 14. Re1 Nxe5 15. Rxe5 Qxe5 16. Nf1 Rc8 17. Ng3 Qa1 18. Be3 Qxd1+ 19. Bxd1 d4 20. Bf4 Nd5 21. Ne2 Nxf4 22. Nxf4 Rc1 0-1

[Event "Cappelle Online Rapid op"]
[Site "Europe Echecs INT"]
[Date "2021.03.06"]
[Round "9"]
[White "Marsylle, Christian"]
[Black "Randrianarimanana, Alicia"]
[Result "0-1"]
[WhiteElo "1599"]
[BlackElo "1971"]
[PlyCount "162"]
[EventDate "2021.03.06"]
[EventType "swiss (rapid)"]
[EventRounds "9"]
[EventCountry "FRA"]
[SourceTitle "CBM 201 Extra"]
[Source "ChessBase"]
[SourceDate "2021.05.31"]
[SourceVersion "1"]
[SourceVersionDate "2021.05.31"]
[SourceQuality "1"]

1. e4 c5 2. Bc4 Nc6 3. Nf3 g6 4. 0-0 Bg7 5. c3 e6 6. d3 Nge7 7. Bg5 0-0 8. Nbd2 a6 9. a3 b5 10. Ba2 h6 11. Bh4 Bb7 12. Re1 Qc7 13. Bg3 d6 14. h3 Rad8 15. Nh2 Qc8 16. f4 d5 17. Qe2 c4 18. d4 a5 19. Rac1 b4 20. Bb1 bxa3 21. bxa3 Qd7 22. e5 a4 23. Ng4 Na5 24. Nf6+ Bxf6 25. exf6 Nf5 26. Bh2 Nb3 27. Rc2 Qd6 28. Ra2 Qb6 29. Bxf5 exf5 30. Qe7 Bc6 31. Qb4 Qc7 32. Nf3 Rfe8 33. Ne5 Re6 34. Rae2 Rxf6 35. Nxc6 Qxc6 36. Re7 Re6 37. Re5 Nc1 38. R5xe6 fxe6 39. Qb7 Qxb7 40. Rxb7 Ra8 41. Kf2 Nd3+ 42. Ke3 Nc1 43. Bg3 Nb3 44. Be1 Na5 45. Rb6 Kf7 46. Bh4 Ra7 47. Bd8 Nb3 48. g4 fxg4 49. hxg4 Rd7 50. Bh4 Ra7 51. g5 h5 52. Be1 Ke7 53. Kf3 Kd7 54. Kg3 Na5 55. Bd2 Nc6 56. Kf3 Kc7 57. Rb2 Rb7 58. Rxb7+ Kxb7 59. Ke3 Na5 60. Be1 Nb3 61. Ke2 Nc1+ 62. Kd2 Nd3 63. Bg3 Kc6 64. Ke3 Kd7 65. Bh4 Ke7 66. Bg3 Nb2 67. Bf2 Nd1+ 68. Ke2 Nxc3+ 69. Kd2 Nb5 70. Kc2 Nxa3+ 71. Kb2 Nb5 72. Be1 Kd6 73. Bb4+ Kc6 74. Ka2 Nxd4 75. Ka3 Ne2 76. Bd2 Kb5 77. Be3 d4 78. Bd2 c3 79. Be1 d3 80. Ka2 d2 81. Bf2 d1Q 0-1

[Event "Cappelle Online Rapid op"]
[Site "Europe Echecs INT"]
[Date "2021.03.06"]
[Round "3"]
[White "Marsylle, Christian"]
[Black "Thieuleux, Thomas"]
[Result "0-1"]
[WhiteElo "1599"]
[BlackElo "1329"]
[PlyCount "70"]
[EventDate "2021.03.06"]
[EventType "swiss (rapid)"]
[EventRounds "9"]
[EventCountry "FRA"]
[SourceTitle "CBM 201 Extra"]
[Source "ChessBase"]
[SourceDate "2021.05.31"]
[SourceVersion "1"]
[SourceVersionDate "2021.05.31"]
[SourceQuality "1"]

1. e4 c6 2. d4 d5 3. exd5 cxd5 4. Nf3 Nf6 5. c3 e6 6. Bd3 Nc6 7. 0-0 a6 8. h3 b5 9. Bg5 Be7 10. Nbd2 0-0 11. Qc2 g6 12. Bh6 Re8 13. Nh2 Bf8 14. Bg5 Be7 15. Ndf3 Qc7 16. Rfe1 Bb7 17. Re2 Nh5 18. Bd2 Bd6 19. Rae1 b4 20. g4 bxc3 21. bxc3 Nf4 22. Bxf4 Bxf4 23. Kg2 Na5 24. Nf1 Nc4 25. Ne3 Bxe3 26. fxe3 a5 27. Rf2 Ba6 28. Ng5 Rf8 29. Ref1 Nxe3+ 30. Kg1 Nxc2 31. Rxc2 Bxd3 32. Rcc1 Rab8 33. Rf3 Bc4 34. Kg2 Rb2+ 35. Kg1 Qh2# 0-1